Miesto a možnosti využitia osobných počítačov v oblasti riadenia podnikov
Charakter súčasného využívania výpočtovej techniky a nástup osobných počítačov. Miesto a úloha osobných počítačov v ASR podnikov. Vývojové fázy zavádzania a využívania osobných počítačov. Možnosti využitia osobných počítačov v podnikovej sfére.
Enregistré dans:
| Auteur principal: | |
|---|---|
| Format: | Chapitre de livre |
| Langue: | slovaque |
| Sujets: | |
| Tags: |
Pas de tags, Soyez le premier à ajouter un tag!
|
MARC
| LEADER | 00000naa$a2200000$$$4500 | ||
|---|---|---|---|
| 001 | 0102170 | ||
| 005 | 20240502072118.7 | ||
| 041 | 0 | |a slo | |
| 044 | |a SK | ||
| 245 | 1 | 0 | |a Miesto a možnosti využitia osobných počítačov v oblasti riadenia podnikov |c Štefan Čarnický |
| 520 | |a Charakter súčasného využívania výpočtovej techniky a nástup osobných počítačov. Miesto a úloha osobných počítačov v ASR podnikov. Vývojové fázy zavádzania a využívania osobných počítačov. Možnosti využitia osobných počítačov v podnikovej sfére. | ||
| 610 | 2 | 0 | |a Slovensko |
| 610 | 2 | 0 | |a riadenie podnikové |
| 610 | 2 | 0 | |a počítače osobné |
| 610 | 2 | 0 | |a prostredie podnikové |
| 610 | 2 | 0 | |a systémy informačné podnikové |
| 100 | 1 | |a Čarnický, Štefan | |